[Event "SLO-chTJ"]
[Site "Rogaska Slatina"]
[Date "1998.??.??"]
[Round "?"]
[White "Lampic, Gorazd"]
[Black "Kavcic, Uros"]
[Result "1/2-1/2"]
[WhiteElo "2065"]
[BlackElo "2225"]

1.e4 c5 2.Nf3 Nc6 3.Bb5 g6 4.O-O Bg7 5.Nc3 Nd4 6.Nxd4 cxd4 7.Nd5 e6 8.Nf4 Qg5
9.Nd5 exd5 10.f4 Qd8 11.exd5 Ne7 12.g4 O-O 13.d6 Nc6 14.d3 Qf6 15.g5 Qxd6
16.f5 Be5 17.Qf3 Qc5 18.Ba4 d5 19.f6 Bc7 20.Qf2 Bh3 21.Qh4 h5 22.gxh6 Kh7
23.Qxh3 a5 24.Qg2 Be5 25.Bg5 Rfd8 26.Bxc6 Qxc6 27.Rae1 Qc7 28.Re2 Ra6 29.Rf3 Re6
30.Qf1 Rde8 31.Kh1 Qb6 32.b3 Qb4 33.a4 Bf4 34.Rxe6 Rxe6 35.Rxf4 Re1 36.Rf2 Rxf1+
37.Rxf1 Qc3 38.Rf2 Qe1+ 39.Kg2 Qd1 40.h4  1/2-1/2

[Event "SWE-ch qualB"]
[Site "Ronneby"]
[Date "1998.??.??"]
[Round "?"]
[White "Blomstrom, Lars"]
[Black "Schutz, Ingemar"]
[Result "1-0"]
[WhiteElo "2160"]
[BlackElo "2195"]

1.e4 c5 2.Nf3 Nc6 3.Bb5 Qc7 4.O-O a6 5.Bxc6 Qxc6 6.Re1 e6 7.d3 d6 8.a4 b5
9.axb5 axb5 10.Rxa8 Qxa8 11.d4 Nf6 12.dxc5 dxc5 13.Bg5 Bb7 14.Bxf6 gxf6 15.Qe2 Qa6
16.Nc3 b4 17.Qxa6 Bxa6 18.Ra1 Bc8 19.Nb1 Bh6 20.Nbd2 Ke7 21.Kf1 Rd8 22.Ke1 Rd6
23.Ra7+ Rd7 24.Rxd7+ Bxd7 25.b3 Bc6 26.Ke2 Bb5+ 27.Nc4 Bxc4+ 28.bxc4 Kd6
29.Kd3 Kc6 30.Ng1 Kb6 31.Ne2 Ka5 32.Ng3 Bf4 33.Nh5 Be5 34.f4 Bd4 35.f5 Be5
36.fxe6 fxe6 37.Ng7 Bxh2 38.Nxe6 Bd6 39.Ng7 Ka4 40.Nf5 Be5 41.Ne3 Ka3 42.Nd5 Kb2
43.Nb6 Kc1 44.g4 h6 45.Nd7 Bd4 46.Nf8 Kd1 47.Ne6 Bg1 48.Ng7 Bh2 49.Ne6 Bd6
50.Ng7 Ke1 51.Ke3 Bg3 52.Ne6 Bh2 53.Ng7 Kd1 54.Kd3 Bd6 55.Ne6 Ke1 56.Ke3 Bg3
57.Ng7 Bf2+ 58.Kd3 Bh4 59.Ne6 Bf2 60.Ng7 Bh4 61.Ne6 Kf2 62.Nxc5 Kf3 63.Nd7 Kxg4
64.c5 Bg3 65.c6 Bd6 66.Nxf6+ Kg5 67.Ne8 Be5 68.c7 Bxc7 69.Nxc7 h5 70.Ke3 h4
71.Kf3 Kf6 72.Nd5+ Ke5 73.Nxb4 h3 74.c3 h2 75.Nd3+  1-0

[Event "Roskilde op"]
[Site "Roskilde"]
[Date "1998.??.??"]
[Round "6"]
[White "Nielsen, Peter Heine"]
[Black "Larsen, Peter"]
[Result "1-0"]
[WhiteElo "2505"]
[BlackElo "2275"]

1.e4 c5 2.Nf3 Nc6 3.Bb5 d6 4.Bxc6+ bxc6 5.O-O e5 6.c3 Ne7 7.d4 cxd4 8.cxd4 Ba6
9.Re1 Ng6 10.Nc3 Be7 11.Qa4 Bb7 12.dxe5 dxe5 13.Rd1 Qb8 14.Nd5 Bd6 15.Ne3 O-O
16.Nf5 Bc5 17.h4 Ne7 18.Qc4 Nxf5 19.Qxc5 Nd4 20.Nxd4 exd4 21.Rxd4 Rd8 22.Be3 Rxd4
23.Bxd4 Qf4 24.Qe7 Ba6 25.Bxa7 h6 26.Be3 Qg4 27.f3 Qg6 28.Rd1 Kh7 29.Qd6 Qxd6
30.Rxd6 Bb5 31.a3 Ra4 32.Bd4 Rc4 33.Bc3 Ra4 34.h5 Ra7 35.Kf2 Ba4 36.Ke3 Rb7
37.g4 Re7 38.f4 Rb7 39.f5 Rc7 40.f6 g6 41.e5 Bb3 42.a4 Bxa4 43.e6 fxe6 44.f7 Rxf7
45.Rd8 gxh5 46.gxh5 Rg7 47.Bf6 Bb3 48.Kf4 Bc4 49.Rc8 Be2 50.Bxg7 Kxg7 51.Rxc6 Kf6
52.Rc5 Ke7 53.Ke4 Kd6 54.Kd4 Bf3 55.Re5 Bd1 56.Ra5 Be2 57.b4 Kc6 58.Rc5+ Kb6
59.Rg5 Bd1 60.Rg6 Bxh5 61.Rxe6+ Kb7 62.Rxh6 Be2 63.Kc5 Bd3 64.Re6 Bf1 65.Re7+ Kc8
66.Kb6 Bg2 67.Ka7 Bf1 68.Re5 Kc7 69.b5 Kd6 70.Rg5  1-0

[Event "Roskilde op"]
[Site "Roskilde"]
[Date "1998.??.??"]
[Round "8"]
[White "Nilsson, Nils Specht"]
[Black "Schandorff, Lars"]
[Result "0-1"]
[WhiteElo "2160"]
[BlackElo "2525"]

1.e4 c5 2.Nf3 Nc6 3.Bb5 e6 4.Bxc6 bxc6 5.O-O Ne7 6.d3 Ng6 7.Bg5 f6 8.Bh4 Be7
9.Bg3 O-O 10.Nfd2 d5 11.Nc3 f5 12.exf5 exf5 13.f4 Bd6 14.Qf3 Rb8 15.Na4 Qa5
16.Nc3 Rxb2 17.Nxd5 Qxd2 18.Be1 Qxc2 19.Rf2 Qa4 20.Rxb2 Qd4+ 21.Qf2 Qxd5
22.g3 Ba6 23.Rd1 Re8 24.Re2 Rb8 25.Qe3 c4 26.Bf2 cxd3 27.Qxa7 Bc4 28.Qd7 Nf8
29.Qa7 dxe2 30.Rxd5 Rb1+ 31.Kg2 Bxd5+ 32.Kh3  0-1

[Event "Roskilde op"]
[Site "Roskilde"]
[Date "1998.??.??"]
[Round "9"]
[White "Mortensen, Erling"]
[Black "Jorgensen, Brian"]
[Result "1-0"]
[WhiteElo "2510"]
[BlackElo "2195"]

1.e4 c5 2.Nf3 Nc6 3.Bb5 g6 4.O-O Bg7 5.c3 Nf6 6.Re1 O-O 7.e5 Nd5 8.d4 cxd4
9.cxd4 Nc7 10.Nc3 Nxb5 11.Nxb5 a6 12.Nc3 b5 13.d5 Na5 14.Bg5 h6 15.Bh4 g5
16.Bg3 f5 17.exf6 Bxf6 18.h4 Qe8 19.d6 e6 20.Nd5 Bb7 21.Nxf6+ Rxf6 22.Ne5 Rf5
23.Rc1 Nc4 24.Ng4 Qf8 25.b3 Nb6 26.Rc7 Rb8 27.Ne5 Qg7 28.h5 Ba8 29.Nxd7 Nxd7
30.Rxe6 Rd5 31.Qe1  1-0

[Event "Saint Affrique op"]
[Site "Saint Affrique"]
[Date "1998.??.??"]
[Round "3"]
[White "Baillon, Olivier"]
[Black "Degraeve, Jean Marc"]
[Result "1-0"]
[WhiteElo "2230"]
[BlackElo "2525"]

1.e4 c5 2.Nf3 Nc6 3.Bb5 g6 4.O-O Bg7 5.Re1 Nf6 6.e5 Nd5 7.Nc3 Nc7 8.Bxc6 dxc6
9.Ne4 Ne6 10.d3 O-O 11.Be3 b6 12.Qd2 Nd4 13.Nxd4 cxd4 14.Bh6 c5 15.Ng3 Bb7
16.a4 a5 17.b3 Qd5 18.Re4 Bxe5 19.Bxf8 f5 20.f4 fxe4 21.dxe4 Qd7 22.Bh6 Bf6
23.f5 gxf5 24.exf5 d3 25.Re1 Qd4+ 26.Kh1 dxc2 27.Qxc2 Rd8 28.Qe2 Bd5 29.Nh5 Bh4
30.Rf1 Qe4 31.Qb2 Qd4 32.Qe2 Bxb3 33.f6 exf6 34.Qe7 Bf7 35.Be3 Qd6 36.Qe4 Bxh5
37.Qxh4 Bg6 38.Rxf6 Qd3 39.Rxb6 c4 40.Rc6  1-0

[Event "Balazs mem op"]
[Site "Salgotarjan"]
[Date "1998.??.??"]
[Round "6"]
[White "Emodi, Barnabas"]
[Black "Seres, Lajos"]
[Result "1/2-1/2"]
[WhiteElo "2400"]
[BlackElo "2420"]

1.e4 c5 2.Nf3 Nc6 3.Bb5 g6 4.O-O Bg7 5.c3 Nf6 6.Re1 O-O 7.h3 e5 8.d3 Qc7
9.Nbd2 d6 10.Nf1 Bd7 11.a4 a6 12.Bc4 h6 13.Bd2 Rad8 14.b4 Ne7 15.bxc5 dxc5
16.Qc1 b5 17.axb5 axb5 18.Ba2 Kh7 19.Ng3 Ne8 20.Qa3 Nd6 21.Be3 Rc8 22.Rac1 f5
23.exf5 Nexf5 24.Nxf5 Nxf5 25.Bd5 Rfd8 26.Bd2 Bc6 27.Be4  1/2-1/2

[Event "Samobor"]
[Site "Samobor"]
[Date "1998.??.??"]
[Round "5"]
[White "Sanduleac, Vasile"]
[Black "Damjanovic, Mato"]
[Result "1-0"]
[WhiteElo "2450"]
[BlackElo "2330"]

1.e4 c5 2.Nf3 Nc6 3.Bb5 g6 4.O-O Bg7 5.Re1 Nf6 6.e5 Nd5 7.Nc3 Nc7 8.Bxc6 dxc6
9.Ne4 Ne6 10.d3 O-O 11.Nfg5 b6 12.Nxe6 Bxe6 13.Bf4 Qd7 14.b3 Rad8 15.Qf3 Bd5
16.Qg3 Bxe4 17.Rxe4 Qe6 18.Rae1 Rd4 19.R4e2 Qf5 20.Bd2 h5 21.e6 Rg4 22.Qc7 Qf3
23.g3 Bd4 24.Re3 Bxe3 25.Rxe3 Qd1+ 26.Be1 f5 27.f4 h4 28.Qxe7 hxg3 29.hxg3 Qc1
30.Kf2 Qxc2+ 31.Kf1 Qc1 32.Ke2 Qb2+ 33.Bd2 Qg7 34.Qd6 Re8 35.Qxc6 Qe7 36.Bc3 Rf8
37.Kd2 g5 38.Qh1 Qh7 39.Qd5 Qe7 40.Re2  1-0

[Event "Samobor"]
[Site "Samobor"]
[Date "1998.??.??"]
[Round "7"]
[White "Sanduleac, Vasile"]
[Black "Takac, Zvonko"]
[Result "1-0"]
[WhiteElo "2450"]
[BlackElo "2190"]

1.e4 c5 2.Nf3 Nc6 3.Bb5 e6 4.Bxc6 bxc6 5.O-O d5 6.d3 Ba6 7.Qe2 c4 8.d4 Nf6
9.Nc3 Be7 10.Bg5 O-O 11.e5 Nd7 12.Bxe7 Qxe7 13.a3 c5 14.b4 cxb4 15.axb4 Bc8
16.Rfb1 Nb6 17.Nb5 a6 18.Nd6 Bd7 19.c3 Bc6 20.Ra5 Qd7 21.Rba1 Bb5 22.Ng5 h6
23.Nh3 Qc6 24.Nf4 Rfb8 25.Nh5 f5 26.Qe3 Kh7 27.Qg3 Qd7 28.h4 Rg8 29.Nf4 g6
30.Nxb5 g5 31.Nh5  1-0

[Event "San Jose op"]
[Site "San Jose"]
[Date "1998.??.??"]
[Round "1"]
[White "Penafiel, R."]
[Black "Navarro Alonso, Jorge Luis"]
[Result "0-1"]
[WhiteElo "1765"]
[BlackElo "1935"]

1.e4 c5 2.Nf3 Nc6 3.Bb5 g6 4.c3 a6 5.Bxc6 bxc6 6.d4 Bg7 7.Be3 cxd4 8.Bxd4 Nf6
9.e5 Nd5 10.e6 O-O 11.Bxg7 Kxg7 12.c4 Nf6 13.exf7 Rxf7 14.O-O Qa5 15.Re1 d6
16.Nd4 Qc5 17.Na3 Bg4 18.Ne6+ Bxe6 19.Rxe6 Ng4 20.Re2 Nxf2 21.Rxf2 Qxf2+
22.Kh1 Raf8 23.Qg1 Qxb2 24.Re1 Qxa3  0-1

[Event "San Jose op"]
[Site "San Jose"]
[Date "1998.??.??"]
[Round "5"]
[White "Remiro Juste, Fernando"]
[Black "Palomar, S."]
[Result "1-0"]
[WhiteElo "2305"]
[BlackElo "2125"]

1.e4 c5 2.Nf3 Nc6 3.Bb5 g6 4.Bxc6 dxc6 5.h3 Bg7 6.d3 Nf6 7.Nbd2 O-O 8.O-O Qc7
9.a4 a5 10.Re1 Nh5 11.Nc4 Be6 12.Ne3 h6 13.Ng4 Bxg4 14.hxg4 Nf4 15.g3 Ne6
16.Kg2 Rfd8 17.Rh1 g5 18.Nd2 Nf8 19.Nc4 Ng6 20.Bd2 b5 21.axb5 cxb5 22.Bxa5 Rxa5
23.Nxa5 c4 24.Ra2 Ra8 25.Qe1 Qd7 26.Qe2 cxd3 27.cxd3 Ne5 28.b4 Nxg4 29.Rc2 Bd4
30.Rf1 Rxa5 31.bxa5 b4 32.Rc4 Bc3 33.Rc1 Ne5 34.R4xc3 bxc3 35.Rxc3 Qa7 36.Qa2 Qd4
37.Qc2 g4 38.Rc8+ Kh7 39.Qc3 Qd6 40.d4 Nf3 41.Qc5  1-0

[Event "Santiago Esucomex op"]
[Site "Santiago"]
[Date "1998.??.??"]
[Round "7"]
[White "Atenas, Pedro"]
[Black "Labra, Martin"]
[Result "1-0"]
[WhiteElo "2185"]
[BlackElo "2110"]

1.e4 c5 2.Nf3 Nc6 3.Bb5 d6 4.O-O Bd7 5.c3 Qb6 6.Bc4 Nf6 7.Re1 e5 8.Ng5 Nd8
9.a4 a6 10.a5 Qc6 11.Qb3 d5 12.exd5 Qc7 13.d4 cxd4 14.cxd4 e4 15.Nxe4 Nxe4
16.Rxe4+ Be7 17.Bf4 Qc8 18.d6 Ne6 19.dxe7 Bc6 20.Rxe6 fxe6 21.Bxe6 Bd7 22.Bf7+ Kxe7
23.Na3 Qc6 24.Re1+ Kf6 25.Bd5 Qa4 26.Bf3 h6 27.Be5+  1-0

[Event "ECI opJ 25th"]
[Site "Sas Van Gent"]
[Date "1998.??.??"]
[Round "2"]
[White "Hartung, Jerry"]
[Black "Hughes, Gareth"]
[Result "0-1"]
[WhiteElo "2075"]
[BlackElo "2110"]

1.e4 c5 2.Nf3 Nc6 3.Bb5 Qb6 4.Nc3 e6 5.O-O Nge7 6.Re1 Nd4 7.Bf1 g6 8.Ne5 Bg7
9.Nc4 Qc7 10.Ne2 b5 11.Ne3 Bb7 12.d3 O-O 13.c3 Nxe2+ 14.Bxe2 f5 15.f3 Kh8
16.Kh1 a6 17.Bd2 d5 18.exd5 Nxd5 19.Qc2 Nf4 20.Bf1 e5 21.Nd1 Nd5 22.c4 Nb4
23.Qb3 Nc6 24.Be3 Nd4 25.Bxd4 cxd4 26.cxb5 Qa5 27.Re2 Qxb5 28.Qe6 Rae8 29.Qd6 e4
30.dxe4 fxe4 31.Rf2 exf3 32.Qxf8+ Bxf8 33.Bxb5 fxg2+ 34.Kg1 axb5 35.Rxg2 Bxg2
36.Kxg2 Re2+ 37.Kf3 Rxh2 38.Nf2 Rh5 39.Ke4 Bg7 40.Rc1 Re5+ 41.Kd3 Re3+ 42.Kd2 Bh6
43.Ng4 Re2+ 44.Kxe2 Bxc1 45.b3 Kg7 46.a4 bxa4 47.bxa4 Ba3 48.a5 Bc5 49.Ne5 h5
50.a6 h4 51.Kf3 Ba7 52.Kg4 Kf6 53.Nd3 g5 54.Nf2 Ke5 55.Kxg5 h3 56.Nxh3 d3
57.Nf4 d2 58.Nd3+ Kd4 59.Nf2 Kc4 60.Nd1 Kd3 61.Kf4 Kc2  0-1

[Event "Staufer op 10th"]
[Site "Schwaebisch Gmuend"]
[Date "1998.??.??"]
[Round "8"]
[White "Grund, Holger"]
[Black "Balashov, Yuri S"]
[Result "1/2-1/2"]
[WhiteElo "2340"]
[BlackElo "2555"]

1.e4 c5 2.Nf3 Nc6 3.Bb5 g6 4.O-O Bg7 5.Re1 Nf6 6.e5 Nd5 7.Nc3 Nc7 8.Bxc6 dxc6
9.h3 Ne6 10.b3 O-O 11.Bb2 b6 12.d3 a5 13.a4 Ra7 14.Ne4 f5 15.exf6 exf6 16.Nfd2 Nd4
17.Nc4 Rd7 18.Qd2 h6 19.Ng3 Rd5 20.Ne3 Rd7 21.Nc4 Rd5 22.Ne3 Rd7  1/2-1/2

[Event "Staufer op 10th"]
[Site "Schwaebisch Gmuend"]
[Date "1998.??.??"]
[Round "8"]
[White "Wittmann, Rainer"]
[Black "Schmenger, Felix"]
[Result "1-0"]
[WhiteElo "2280"]
[BlackElo "2230"]

1.e4 c5 2.Nf3 Nc6 3.Bb5 g6 4.c3 Bg7 5.d4 cxd4 6.cxd4 Qb6 7.Nc3 Nxd4 8.Nd5 Nxf3+
9.Qxf3 Qd8 10.Bf4 Kf8 11.Bc7 Qe8 12.e5 f5 13.O-O Nh6 14.Nxe7 Nf7 15.Nxc8 Rxc8
16.Qxb7 Bxe5 17.Bxe5 Nxe5 18.Rfd1 Kf7 19.Qd5+  1-0

[Event "RUS-chJ Girls"]
[Site "Sochi"]
[Date "1998.??.??"]
[Round "?"]
[White "Vrublevskaya, Olga"]
[Black "Andreeva, Natalija"]
[Result "0-1"]
[WhiteElo "2225"]
[BlackElo "2140"]

1.e4 c5 2.Nf3 Nc6 3.Bb5 g6 4.Bxc6 dxc6 5.h3 Bg7 6.d3 e5 7.O-O Qe7 8.Be3 Nf6
9.a4 O-O 10.Nbd2 Ne8 11.a5 Nc7 12.Nc4 f6 13.c3 Be6 14.Qc2 Rfe8 15.Rab1 Nb5
16.Nfd2 f5 17.f3 Rab8 18.b4 cxb4 19.Rxb4 Nd4 20.Qb2 c5 21.Ra4 Qd7 22.Rfa1 Ne2+
23.Kf2 Qxd3 24.Re1 Nf4 25.Nb3 Qxc4 26.Rxc4 Nd3+  0-1

[Event "Solin"]
[Site "Solin"]
[Date "1998.??.??"]
[Round "2"]
[White "Cvorovic, Drazen"]
[Black "Kurajica, Bojan"]
[Result "0-1"]
[WhiteElo "2430"]
[BlackElo "2580"]

1.e4 c5 2.Nf3 Nc6 3.Bb5 e6 4.Bxc6 bxc6 5.O-O Ne7 6.d3 Ng6 7.e5 f6 8.Re1 Be7
9.Nc3 Qc7 10.Qe2 O-O 11.Qe4 fxe5 12.Nxe5 d5 13.Qe2 Nxe5 14.Qxe5 Bd6 15.Qh5 Bd7
16.Rf1 Rf5 17.Qh4 Raf8 18.Bg5 Be8 19.g3 Qf7 20.Nd1 e5 21.a4 Bd7 22.g4 Rf3
23.a5 Qe6 24.Ra4 h6 25.Bd8 Qe8 26.Kg2 R3f4  0-1

[Event "Solin"]
[Site "Solin"]
[Date "1998.??.??"]
[Round "8"]
[White "Cvorovic, Drazen"]
[Black "Kozul, Zdenko"]
[Result "0-1"]
[WhiteElo "2430"]
[BlackElo "2585"]

1.e4 c5 2.Nf3 Nc6 3.Bb5 g6 4.O-O Bg7 5.Re1 Nf6 6.Bxc6 dxc6 7.d3 O-O 8.h3 Ne8
9.e5 Nc7 10.Be3 Ne6 11.Qd2 Nd4 12.Bxd4 cxd4 13.Qb4 f6 14.Qxd4 Qxd4 15.Nxd4 fxe5
16.Nb3 e4 17.d4 e5 18.dxe5 Bxe5 19.Nc3 Re8 20.Rad1 h5 21.Nc5 Bf5 22.N3xe4 b6
23.Nd7 Bxe4 24.Rxe4 Bxb2 25.Re3 Rxe3 26.fxe3 Kf7 27.c4 Ke7 28.c5 b5 29.Rd2 Bh8
30.Rd6 Rd8 31.Rxc6 Rxd7 32.Ra6 Bf6 33.Kf2 Rc7 34.Kf3 Kf7 35.Ke4 Be7 36.c6 Ke6
37.g4 h4 38.Kd4 Kd6 39.Ke4 Bd8 40.Kf4 Rf7+ 41.Ke4 Bb6  0-1

[Event "St Petersburg-ch (Women)"]
[Site "St Petersburg"]
[Date "1998.??.??"]
[Round "?"]
[White "Zvereva, Marija"]
[Black "Razuvajeva, Julia"]
[Result "0-1"]
[WhiteElo "2240"]
[BlackElo "2115"]

1.e4 c5 2.Nf3 Nc6 3.Bb5 g6 4.Bxc6 dxc6 5.d3 Bg7 6.Nc3 Nf6 7.Be3 b6 8.h3 Qc7
9.Qd2 e5 10.Bh6 O-O 11.O-O-O b5 12.Nh2 Be6 13.Ng4 Nxg4 14.Bxg7 Kxg7 15.hxg4 f6
16.g5 Kg8 17.gxf6 Rxf6 18.Qe3 Qe7 19.f3 Rf7 20.g3 Raf8 21.Rdf1 a5 22.f4 a4
23.Kb1 a3 24.b3 c4 25.d4 Qa7 26.Rd1 exf4 27.Qe1 Bg4 28.Rd2 cxb3 29.cxb3 f3
30.Qf2 Re8 31.Ka1 b4 32.Na4 Rxe4 33.Re1 Rxe1+ 34.Qxe1 Re7 35.Qc1 f2 36.Qc4+ Kg7  0-1

[Event "Petrov mem"]
[Site "St Petersburg"]
[Date "1998.??.??"]
[Round "1"]
[White "Gelman, Alexander"]
[Black "Shour, Janna"]
[Result "1-0"]
[WhiteElo "2440"]
[BlackElo "2210"]

1.e4 c5 2.Nf3 Nc6 3.Bb5 g6 4.Bxc6 bxc6 5.O-O Bg7 6.c3 Nf6 7.Re1 O-O 8.h3 d6
9.Na3 Qc7 10.d3 Rb8 11.Qe2 e5 12.Be3 Re8 13.Qc2 Bd7 14.Rab1 Be6 15.b4 cxb4
16.cxb4 d5 17.Bd2 Qd6 18.exd5 cxd5 19.Nxe5 Bf5 20.Qc6 Qxc6 21.Nxc6 Rb7 22.Rxe8+ Nxe8
23.Re1 Nd6 24.Ne7+ Kf8 25.Bf4 Rd7 26.Nxf5 Nxf5 27.Nb5 Bf6 28.g4 Ne7 29.Rc1 a6
30.Nc7 g5 31.Bg3 Ng6 32.Nxa6 Ne5 33.Rc8+ Ke7 34.Nc5 Ra7 35.a4 Nd7 36.a5 Nxc5
37.Rxc5 Ke6 38.Rc6+ Ke7 39.a6 Bd4  1-0

[Event "Petrov mem"]
[Site "St Petersburg"]
[Date "1998.??.??"]
[Round "4"]
[White "Sinkevich, Petr"]
[Black "Klimov, Sergey"]
[Result "1/2-1/2"]
[WhiteElo "2215"]
[BlackElo "2365"]

1.e4 c5 2.Nf3 Nc6 3.Bb5 g6 4.O-O Bg7 5.Re1 e5 6.Nc3 Nge7 7.d3 O-O 8.Bc4 d6
9.a4 h6 10.Nd5 Nxd5 11.Bxd5 Be6 12.c4 Qd7  1/2-1/2

[Event "Petrov mem"]
[Site "St Petersburg"]
[Date "1998.??.??"]
[Round "6"]
[White "Yandemirov, Valeri"]
[Black "Karasev, Vladimir I"]
[Result "1-0"]
[WhiteElo "2545"]
[BlackElo "2370"]

1.e4 c5 2.Nf3 Nc6 3.Bb5 e6 4.Bxc6 bxc6 5.d3 f6 6.O-O Ne7 7.Nh4 g6 8.f4 d6
9.e5 dxe5 10.Nf3 exf4 11.Bxf4 e5 12.Be3 Nf5 13.Bf2 Bh6 14.Re1 Nd4 15.c3 Nxf3+
16.Qxf3 Qd6 17.d4 cxd4 18.cxd4 O-O 19.Nc3 Rb8 20.Rad1 Qb4 21.Qxc6 Rb6 22.a3 Qxb2
23.Qc4+ Be6 24.d5 Rc8 25.Bc5 Bf7 26.Na4 Qb5 27.Nxb6 Qxc4 28.Nxc4 Rxc5 29.d6 Be6
30.Nxe5 fxe5 31.d7 Bg5 32.d8=Q+ Bxd8 33.Rxd8+ Kf7 34.Rf1+ Ke7 35.Rh8 Ra5
36.Rxh7+ Kd6 37.Rd1+ Bd5 38.Rg7 Rxa3 39.Rxg6+ Kc5 40.Rg5 Kd6 41.Re1 a5 42.Rgxe5 a4
43.R5e3 Rxe3 44.Rxe3 Kc5 45.Kf2 Kb4 46.g4 a3 47.h4 a2 48.Re1 Kc3 49.Ke3 Kb2
50.g5 Bf7 51.Re2+ Kc3 52.Rxa2 Bxa2 53.g6 Bb1 54.h5 Kc4 55.Kf4 Kd5 56.Kg5  1-0

[Event "St Raphael op"]
[Site "St Raphael"]
[Date "1998.??.??"]
[Round "?"]
[White "Lanzani, Mario"]
[Black "Komarov, Dimitri"]
[Result "0-1"]
[WhiteElo "2375"]
[BlackElo "2580"]

1.e4 c5 2.Nf3 Nc6 3.Bb5 e6 4.Bxc6 bxc6 5.e5 f6 6.O-O fxe5 7.Nxe5 Nf6 8.b4 cxb4
9.d4 a5 10.Re1 Be7 11.a3 Bb7 12.Nd2 O-O 13.Nb3 Qb6 14.Be3 Qc7 15.Bf4 Nd5
16.Bg3 Qc8 17.Nc4 c5 18.Nd6 Bxd6 19.Bxd6 c4 20.Nc5 Rf7 21.Qe2 Nc3 22.Qg4 Nb5
23.Be5 d6 24.a4 Na3 25.Bxd6 Nxc2  0-1

[Event "SVK-chT2C 9899"]
[Site "SVK"]
[Date "1998.??.??"]
[Round "2"]
[White "Jaros, Anton"]
[Black "Sokol, Milan Jr"]
[Result "0-1"]
[WhiteElo "1900"]
[BlackElo "2020"]

1.e4 c5 2.Nf3 Nc6 3.Bb5 Qc7 4.O-O Nf6 5.Re1 e6 6.c3 Be7 7.d4 cxd4 8.cxd4 d5
9.e5 Nd7 10.Nc3 O-O 11.a3 a6 12.Bd3 Re8 13.Ng5 Nf8 14.Nxh7 Nxh7 15.Bxh7+ Kxh7
16.Qh5+ Kg8 17.Re3 g6 18.Rg3 Bf8 19.Qg4 Bg7 20.Rh3 Nxd4 21.Qxd4 Qxe5 22.Qd1 Bd7
23.Bh6 Bc6 24.Bxg7 Kxg7 25.Qg4 Rh8 26.Rxh8 Rxh8 27.h3 Rh5 28.Rd1 Rg5 29.Qe2 Qf4
30.g3 Qf6 31.Qd2 Rh5 32.h4 g5 33.Qe2 Kh6 34.Qe3 Kh7 35.hxg5 Rxg5 36.Rd4 Qe5
37.Rh4+ Kg7 38.Qd4 Qxd4 39.Rxd4 Kf6 40.Rh4 e5 41.Kh2 Rf5 42.Kg1 Ke6 43.Kf1 Kd6
44.Ke1 d4 45.Ne2 Bb5 46.Nc1 Kd5 47.Nb3 Rf6 48.Rh5 Re6 49.Rf5 f6 50.Rh5 Be8
51.Rh7 Rb6 52.Na5 Rxb2 53.Rxb7 Rxb7 54.Nxb7 Kc6 55.Na5+ Kb5 56.Nb3 Bf7 57.Nd2 Bd5
58.g4 Ka4 59.f3 Kxa3 60.Ke2 Kb2 61.Kd3 a5 62.f4 a4 63.fxe5 fxe5 64.g5 a3  0-1

[Event "SVK-chT1W 9899"]
[Site "SVK"]
[Date "1998.??.??"]
[Round "2"]
[White "Huba, Martin"]
[Black "Sulek, Viliam"]
[Result "1/2-1/2"]
[WhiteElo "2135"]
[BlackElo "2215"]

1.e4 c5 2.Nf3 Nc6 3.Bb5 e6 4.Nc3 Nge7 5.O-O a6 6.Bxc6 Nxc6 7.d4 cxd4 8.Nxd4 Be7
9.Be3 d6 10.Kh1 O-O 11.f4 Bf6 12.Nce2 Nxd4 13.Bxd4 Bd7 14.Bxf6 Qxf6 15.e5 Qg6
16.exd6 Bc6 17.Ng3 h5 18.Qxh5 Qxc2 19.Qe2 Qxe2 20.Nxe2 Rfd8 21.Rfd1 Bd5 22.Nc3 Rxd6
23.Nxd5 exd5 24.Kg1 Re8 25.Kf2 Re4 26.g3 d4 27.Rd2 Rde6 28.Rad1 d3 29.Rxd3 Re2+
30.Kf3 Rxb2 31.R1d2 Rxd2 32.Rxd2  1/2-1/2

[Event "SVK-chT 9899"]
[Site "SVK"]
[Date "1998.??.??"]
[Round "4"]
[White "Mrva, Vladimir"]
[Black "Lanc, Alois"]
[Result "0-1"]
[WhiteElo "2185"]
[BlackElo "2405"]

1.e4 c5 2.Nf3 Nc6 3.Bb5 e6 4.O-O Nge7 5.d4 cxd4 6.Nxd4 Qb6 7.Bxc6 Nxc6 8.Nxc6 bxc6
9.e5 Be7 10.Qg4 Ba6 11.Re1 Kf8 12.Nc3 h5 13.Qg3 h4 14.Qg4 h3 15.gxh3 c5 16.f3 Bb7
17.Kg2 Rh4 18.Qg3 Rh5 19.Ne4 c4 20.Qf2 Rxe5 21.Be3 Qc6 22.Ng3 Rb5 23.Bd4 Bc5
24.Bxc5+ Qxc5 25.Qxc5+ Rxc5 26.Rad1 Ke7 27.b4 cxb3 28.cxb3 Rc3 29.Rf1 f5
30.Rd2 Rac8 31.Rff2 g5 32.Ne2 Re3 33.Kg3 e5 34.Ng1 Rc1 35.Ne2 Re1 36.Rc2 Kf6
37.Rd2 d5 38.Rc2 d4 39.Rc7 Bd5 40.Rc5 Ke6 41.h4 d3 42.Nd4+ exd4 43.hxg5 Rg1+
44.Kf4 Rxf3+  0-1

[Event "SVK-chT1E 9798"]
[Site "SVK"]
[Date "1998.??.??"]
[Round "5"]
[White "Kotan, Ladislav"]
[Black "Manik, Mikulas"]
[Result "1/2-1/2"]
[WhiteElo "2280"]
[BlackElo "2460"]

1.e4 c5 2.Nf3 Nc6 3.Bb5 g6 4.O-O Bg7 5.Re1 e5 6.c3 Nge7 7.d4 exd4 8.cxd4 Nxd4
9.Nxd4 cxd4 10.Bg5 h6 11.Bh4 g5 12.Bg3 Ng6 13.e5 O-O 14.Nd2 d6 15.exd6 f5
16.Qc2 f4 17.Qxg6 Bf5 18.Qh5 fxg3 19.hxg3 Qxd6 20.Bc4+ Kh8 21.Ne4 Qg6 22.Qxg6 Bxg6
23.Bd3 Bf7 24.Nd6 Bd5 25.Nf5  1/2-1/2

[Event "SVK-chT 9798"]
[Site "SVK"]
[Date "1998.??.??"]
[Round "6"]
[White "Talla, Vladimir"]
[Black "Zambor, Norbert"]
[Result "0-1"]
[WhiteElo "2335"]
[BlackElo "2235"]

1.e4 c5 2.Nf3 Nc6 3.Bb5 g6 4.Bxc6 dxc6 5.h3 e5 6.d3 f6 7.O-O Nh6 8.Be3 Nf7
9.a4 Qe7 10.Na3 g5 11.Nh2 h5 12.Re1 Nd8 13.Nf1 Ne6 14.c3 Nf4 15.d4 Be6 16.dxe5 fxe5
17.Ng3 Rd8 18.Qc2 Qf7 19.c4 g4 20.h4 Be7 21.Nf5 Bxf5 22.Bxf4 exf4 23.exf5 O-O
24.Qe4 Bxh4 25.Qxf4 Qxf5 26.Qxf5 Rxf5 27.Re2 Bf6 28.Nc2 Rf4 29.Ne3 Rd3 30.Rc1 Rb3
31.Rcc2 Bd4 32.g3 Rf3 33.Nf1 h4 34.Nd2 hxg3 35.Nxb3 gxf2+ 36.Kf1 Rxb3 37.Re4 Rg3
38.Rf4 Rg1+ 39.Ke2 Re1+ 40.Kd3 f1=Q+ 41.Rxf1 Rxf1  0-1

[Event "SVK-chT 9798"]
[Site "SVK"]
[Date "1998.??.??"]
[Round "7"]
[White "Talla, Vladimir"]
[Black "Mrva, Martin"]
[Result "1/2-1/2"]
[WhiteElo "2335"]
[BlackElo "2415"]

1.e4 c5 2.Nf3 Nc6 3.Bb5 Qb6 4.Nc3 e6 5.O-O Nd4 6.Bc4 Ne7 7.d3 Nec6 8.Nxd4 cxd4
9.Ne2 Na5 10.c3 Nxc4 11.dxc4 dxc3 12.Nxc3 Qc6 13.Qd3 b6 14.Bf4 d6 15.Rad1 Bb7
16.f3 Ba6 17.b3 Rd8 18.Be5 f6 19.Bd4 Be7 20.f4 O-O 21.f5 d5 22.exd5 exd5
23.Qf3 Bc5 24.Nxd5 Bb7 25.Kh1 Rd7 26.a4 Rfd8 27.Qg3 Kh8 28.Bb2 Qc8 29.Qf3  1/2-1/2

[Event "SVE-chT 9798"]
[Site "Sweden"]
[Date "1998.??.??"]
[Round "7"]
[White "Kinnmark, Ove"]
[Black "Jansson, Anders O"]
[Result "1-0"]
[WhiteElo "2365"]
[BlackElo "2145"]

1.e4 c5 2.Nf3 Nc6 3.Bb5 g6 4.O-O Bg7 5.c3 Nf6 6.Re1 O-O 7.h3 e5 8.d3 Re8
9.Na3 b6 10.Nc4 Qc7 11.Ne3 Bb7 12.a4 Rad8 13.Qc2 Na5 14.Nc4 Nc6 15.a5 bxa5
16.Bg5 h6 17.Bxf6 Bxf6 18.Ne3 Ne7 19.Qa4 a6 20.Bc4 Nc6 21.Qb3 Re6 22.Bxe6 dxe6
23.Red1 Kg7 24.Nc4 Rd7 25.Qb6 Bd8 26.Qxc5  1-0

[Event "Szeged TT04 IM"]
[Site "Szeged"]
[Date "1998.??.??"]
[Round "3"]
[White "Nanu, Ciprian"]
[Black "Herpai, Jozsef"]
[Result "1-0"]
[WhiteElo "2325"]
[BlackElo "2230"]

1.e4 c5 2.Nf3 Nc6 3.Bb5 e6 4.O-O Nge7 5.Re1 a6 6.Bxc6 Nxc6 7.d4 cxd4 8.Nxd4 Be7
9.Nc3 d6 10.Nxc6 bxc6 11.e5 dxe5 12.Qg4 Bf6 13.Ne4 O-O 14.Be3 Kh8 15.Rad1 Qc7
16.Rd3 Bb7 17.Nxf6 gxf6 18.Qh4 Qe7 19.Bc5 Qxc5 20.Qxf6+ Kg8 21.Rg3+  1-0

[Event "Szeged TT04 IM"]
[Site "Szeged"]
[Date "1998.??.??"]
[Round "5"]
[White "Nanu, Ciprian"]
[Black "Bernat, Robert"]
[Result "1-0"]
[WhiteElo "2325"]
[BlackElo "2140"]

1.e4 c5 2.Nf3 Nc6 3.Bb5 g6 4.O-O Bg7 5.Re1 e5 6.Bxc6 bxc6 7.d3 Ne7 8.Be3 d6
9.Qc1 O-O 10.Bh6 Bg4 11.Bxg7 Kxg7 12.Nbd2 h6 13.c3 Qc7 14.d4 cxd4 15.cxd4 Rfd8
16.Qc3 f6 17.Rac1 Rac8 18.Rc2 Qb7 19.Rec1 c5 20.dxe5 fxe5 21.h3 Bxf3 22.Qxf3 Nc6
23.Qb3 Qd7 24.Nf3 Rc7 25.a3 Rdc8 26.Qc4 Qf7 27.b4 Qxc4 28.Rxc4 Nd4 29.Nxd4 exd4
30.f4 Re7 31.e5 dxe5 32.bxc5 exf4 33.Rxd4 Rec7 34.Rd5 Rc6 35.Kf2 Kf6 36.Kf3 g5
37.h4 Ke6 38.Ke4 Kf6 39.Kd4 R8c7 40.hxg5+ hxg5 41.Rh1 Kg6 42.Rh8 Rf7 43.Rg8+ Kh5
44.Rdxg5+ Kh4 45.R5g7  1-0

[Event "EST-chT"]
[Site "Tallinn"]
[Date "1998.??.??"]
[Round "8"]
[White "Ranniku, Maaja"]
[Black "Piarnpuu, Leili"]
[Result "0-1"]
[WhiteElo "2130"]
[BlackElo "2290"]

1.e4 c5 2.Nf3 Nc6 3.Bb5 g6 4.O-O Bg7 5.c3 Nf6 6.Qe2 O-O 7.d4 cxd4 8.cxd4 d5
9.e5 Ne4 10.Nc3 Nxc3 11.bxc3 Na5 12.h3 Bd7 13.Bxd7 Qxd7 14.Bd2 Nc4 15.a4 Rac8
16.Rfb1 Rc6 17.Be1 f6 18.exf6 exf6 19.Qd3 Ra6 20.Rb4 Rc8 21.Qb1 Rc7 22.Rb5 Re6
23.a5 Bf8 24.Rb3 Ra6 25.Rb5 Na3 26.Rxa3 Bxa3 27.Qb3 Bf8 28.Rxd5 Qf7 29.c4 Re6
30.Rd8 Rec6 31.d5 Rc8 32.Rxc8 Rxc8 33.Nd4 Bd6 34.Nb5 Bb8 35.Bb4 Qxd5 36.cxd5 Rc1+  0-1

[Event "EST-chT"]
[Site "Tallinn"]
[Date "1998.??.??"]
[Round "9"]
[White "Remmel, Anto"]
[Black "Zavoronkov, Vladimir"]
[Result "1/2-1/2"]
[WhiteElo "2245"]
[BlackElo "2395"]

1.e4 c5 2.Nf3 Nc6 3.Bb5 Qc7 4.c3 Nf6 5.Qe2 a6 6.Bxc6 Qxc6 7.d3 c4 8.Nbd2 cxd3
9.Qxd3 d6 10.O-O e5 11.Re1 Be7 12.Nf1 Be6 13.Bg5 h6 14.Bxf6 Bxf6 15.Ne3 O-O
16.Red1 Be7 17.Nd5 Bxd5  1/2-1/2